PISAC COVID-19 (Record no. 36351)
[ view plain ]
| 000 -CABECERA | |
|---|---|
| campo de control de longitud fija | 01344nam a22004577a 4500 |
| 003 - IDENTIFICADOR DEL NÚMERO DE CONTROL | |
| campo de control | OSt |
| 005 - FECHA Y HORA DE LA ÚLTIMA TRANSACCIÓN | |
| campo de control | 20230922133908.0 |
| 008 - DATOS DE LONGITUD FIJA--INFORMACIÓN GENERAL | |
| campo de control de longitud fija | 230922b ||||| |||| 00| 0 spa d |
| 020 ## - ISBN | |
| Número Internacional Estándar del Libro | 978-987-813-452-9 |
| 040 ## - FUENTE DE LA CATALOGACIÓN | |
| Centro/agencia transcriptor | Biblioteca Ernesto Sábato |
| 092 ## - SIGNATURA TOPOGRÁFICA | |
| Número de clasificación | 303.498 2 |
| Libristica | P673 |
| Sector | BDGR |
| 100 ## - Autor Personal | |
| Nombre de persona | |
| 245 ## - MENCIÓN DE TÍTULO | |
| Título | PISAC COVID-19 |
| Resto del título | : la sociedad argentina en la postpandemia |
| 250 ## - MENCIÓN DE EDICIÓN | |
| Mención de edición | 1a. ed. |
| 260 ## - PUBLICACIÓN, DISTRIBUCIÓN, ETC. (PIE DE IMPRENTA) | |
| Lugar de publicación, distribución, etc. | Buenos Aires |
| Nombre del editor, distribuidor, etc. | CLACSO |
| Fecha de publicación, distribución, etc. | 2023 |
| 300 ## - DESCRIPCIÓN FÍSICA | |
| Paginas | 3 v. |
| 500 ## - NOTA GENERAL | |
| Nota general | CONTENIDO:<br/>Vol. 1: Estado y políticas públicas<br/> Seguridad<br/>Vol. 2: Trabajo<br/> Comunicación y territorios<br/>Vol 3: Salud y género<br/> Educación |
| 650 ## - Descriptores Tematicos | |
| Término de materia o nombre geográfico como elemento inicial | PANDEMIA |
| 650 ## - Descriptores Tematicos | |
| Fuente del encabezamiento o término | |
| Término de materia o nombre geográfico como elemento inicial | POSTPANDEMIA |
| 650 ## - Descriptores Tematicos | |
| Término de materia o nombre geográfico como elemento inicial | ARGENTINA |
| 650 ## - Descriptores Tematicos | |
| Término de materia o nombre geográfico como elemento inicial | SOCIEDAD |
| 650 ## - Descriptores Tematicos | |
| Término de materia o nombre geográfico como elemento inicial | CAMBIO SOCIAL |
| 650 ## - Descriptores Tematicos | |
| Término de materia o nombre geográfico como elemento inicial | EDUCACION |
| 650 ## - Descriptores Tematicos | |
| Término de materia o nombre geográfico como elemento inicial | SALUD Y GENERO |
| 650 ## - Descriptores Tematicos | |
| Término de materia o nombre geográfico como elemento inicial | POLITICAS PUBLICAS |
| 650 ## - Descriptores Tematicos | |
| Término de materia o nombre geográfico como elemento inicial | SEGURIDAD |
| 650 ## - Descriptores Tematicos | |
| Término de materia o nombre geográfico como elemento inicial | ESTADO |
| 650 ## - Descriptores Tematicos | |
| Término de materia o nombre geográfico como elemento inicial | TRABAJO |
| 650 ## - Descriptores Tematicos | |
| Término de materia o nombre geográfico como elemento inicial | |
| 700 ## - Coautores y traductores | |
| Nombre de persona | Fernando Peirano |
| 700 ## - Coautores y traductores | |
| Nombre de persona | Guido Giogi |
| 700 ## - Coautores y traductores | |
| Nombre de persona | Juan Ignacio Piovani |
| 700 ## - Coautores y traductores | |
| Nombre de persona | María Mercedes Di Virgilio |
| 700 ## - Coautores y traductores | |
| Nombre de persona | Mariana Heredia |
| 700 ## - Coautores y traductores | |
| Nombre de persona | Patricia Nari |
| 700 ## - Coautores y traductores | |
| Nombre de persona | Oscar Oszlak |
| 700 ## - Coautores y traductores | |
| Nombre de persona | Andrés Ponce de León |
| 700 ## - Coautores y traductores | |
| Nombre de persona | José Garriga Zucal |
| 700 ## - Coautores y traductores | |
| Nombre de persona | Roberto Luis Gustavo González |
| 942 ## - ELEMENTOS DE PUNTO DE ACCESO ADICIONAL (KOHA) | |
| Fuente del sistema de clasificación o colocación | Dewey Decimal Classification |
| Tipo de ítem Koha | CLACSO |
| Estado de retiro | Estado de pérdida | Fuente del sistema de clasificación o colocación | Estado dañado | No para préstamo | Localización permanente | Ubicación/localización actual | Fecha de adquisición | Número de inventario | Total de préstamos | Signatura topográfica completa | Código de barras | Fecha visto por última vez | Precio válido a partir de | Tipo de ítem Koha | Nota pública |
|---|---|---|---|---|---|---|---|---|---|---|---|---|---|---|---|
| Dewey Decimal Classification | Biblioteca Ernesto Sabato - FADECS - UNCOMA | Biblioteca Ernesto Sabato - FADECS - UNCOMA | 22/09/2023 | 26758 | 303.498 2 P673 | 26758 | 22/09/2023 | 22/09/2023 | CLACSO | v. 1 | |||||
| Dewey Decimal Classification | Biblioteca Ernesto Sabato - FADECS - UNCOMA | Biblioteca Ernesto Sabato - FADECS - UNCOMA | 22/09/2023 | 26759 | 303.498 2 P673 | 26759 | 22/09/2023 | 22/09/2023 | CLACSO | v. 2 | |||||
| Dewey Decimal Classification | Biblioteca Ernesto Sabato - FADECS - UNCOMA | Biblioteca Ernesto Sabato - FADECS - UNCOMA | 22/09/2023 | 26760 | 303.498 2 P673 | 26760 | 22/09/2023 | 22/09/2023 | CLACSO | v. 3 | |||||
| Dewey Decimal Classification | Biblioteca Ernesto Sabato - FADECS - UNCOMA | Biblioteca Ernesto Sabato - FADECS - UNCOMA | 26/09/2023 | 26771 | 303.498 2 P673 | 26771 | 26/09/2023 | 26/09/2023 | CLACSO | v. 1 | |||||
| Dewey Decimal Classification | Biblioteca Ernesto Sabato - FADECS - UNCOMA | Biblioteca Ernesto Sabato - FADECS - UNCOMA | 26/09/2023 | 26772 | 303.498 2 P673 | 26772 | 26/09/2023 | 26/09/2023 | CLACSO | v. 2 | |||||
| Dewey Decimal Classification | Biblioteca Ernesto Sabato - FADECS - UNCOMA | Biblioteca Ernesto Sabato - FADECS - UNCOMA | 26/09/2023 | 26773 | 303.498 2 P673 | 26773 | 26/09/2023 | 26/09/2023 | CLACSO | v. 3 |